[Event "Heusenstamm Schloss op"]
[Site "Heusenstamm"]
[Date "2023.11.26"]
[Round "6"]
[White "Woods, Yannick"]
[Black "Calvi, Stefan"]
[Result "0-1"]
[WhiteElo "1801"]
[BlackElo "1925"]
[PlyCount "144"]
[EventDate "2023.11.23"]
[EventType "swiss"]
[EventRounds "7"]
[EventCountry "GER"]
[SourceTitle "CB50_2023"]
[SourceDate "2023.12.13"]
[SourceVersion "1"]
[SourceVersionDate "2023.12.13"]
[SourceQuality "1"]

1. d4 Nf6 2. Nf3 e6 3. c3 b6 4. g3 Bb7 5. Bg2 Be7 6. 0-0 0-0 7. Nbd2 d5 8. Ne5 c5 9. Ndf3 Nc6 10. e3 Ne4 11. Nxc6 Bxc6 12. a4 f6 13. Nd2 Nxd2 14. Qxd2 Qd7 15. Qc2 e5 16. dxe5 fxe5 17. Rd1 Qe6 18. e4 d4 19. f4 Rac8 20. fxe5 Qxe5 21. Bf4 Qh5 22. cxd4 cxd4 23. Kh1 Bc5 24. b4 Be7 25. Rac1 Rfd8 26. b5 Bb7 27. Qb3+ Qf7 28. Qxf7+ Kxf7 29. Rxc8 Bxc8 30. Bf3 Be6 31. Be5 Bf6 32. Bxf6 Kxf6 33. Kg2 Bb3 34. Rd2 Bxa4 35. Be2 Bb3 36. Bd3 Ke5 37. Rf2 Be6 38. Kf1 Rc8 39. Ke1 Rc3 40. Kd2 Ra3 41. Rf3 Ra2+ 42. Bc2 g6 43. Kc1 Bc4 44. Kb1 Ra5 45. Kc1 Rxb5 46. Kd2 a5 47. Rf8 d3 48. Bxd3 Bxd3 49. Kxd3 Rb3+ 50. Kc2 Re3 51. Rb8 Kxe4 52. Rxb6 Re2+ 53. Kd1 Rxh2 54. Rb5 Kf3 55. Rxa5 Kxg3 56. Ra3+ Kg4 57. Ke1 g5 58. Kf1 Kh4 59. Kg1 Rb2 60. Ra6 h5 61. Ra4+ g4 62. Ra5 g3 63. Ra4+ Kh3 64. Ra1 h4 65. Rc1 Rb4 66. Rd1 Kg4 67. Rf1 h3 68. Rc1 h2+ 69. Kg2 Rb2+ 70. Kh1 Kh3 71. Rc2 Rb1+ 72. Rc1 Rxc1# 0-1

[Event "Heusenstamm Sparkassen op-A 7th"]
[Site "Heusenstamm"]
[Date "2021.11.20"]
[Round "4.27"]
[White "Calvi, Stefan"]
[Black "Van den Hoff, Damien"]
[Result "1/2-1/2"]
[WhiteElo "2053"]
[BlackElo "1879"]
[PlyCount "155"]
[EventDate "2021.11.18"]
[EventType "swiss"]
[EventRounds "7"]
[EventCountry "GER"]
[SourceTitle "EXT 2023"]
[Source "ChessBase"]
[SourceDate "2022.10.05"]
[SourceVersion "1"]
[SourceVersionDate "2022.10.05"]
[SourceQuality "1"]

1. e4 e5 2. Nf3 Nc6 3. d4 exd4 4. Nxd4 Nf6 5. Nxc6 bxc6 6. Nd2 Bc5 7. Bd3 d5 8. exd5 cxd5 9. 0-0 0-0 10. h3 c6 11. Re1 Qc7 12. Nf3 Bxh3 13. Be3 Bxe3 14. Rxe3 Bg4 15. Qf1 Qb6 16. b3 d4 17. Re5 Bxf3 18. gxf3 Rae8 19. Rg5 Qc7 20. Qh3 g6 21. Kg2 Nd5 22. Qh6 Nf4+ 23. Kh1 Re5 24. Bc4 Qe7 25. Rag1 Re1 26. Rxe1 Qxe1+ 27. Rg1 Qe5 28. Qg5 Qd6 29. Re1 Ne6 30. Qe5 Qxe5 31. Rxe5 Kg7 32. Ra5 Ra8 33. Ra6 Nd8 34. b4 Rb8 35. Rxa7 Rxb4 36. Bb3 Rb7 37. Ra8 Ne6 38. Rc8 Rb6 39. Kg1 Nc5 40. Kf1 Nxb3 41. axb3 d3 42. cxd3 Rxb3 43. Rxc6 Rxd3 44. Kg2 h5 45. Ra6 g5 46. Rb6 f6 47. Ra6 h4 48. Rb6 Kg6 49. Ra6 Rd5 50. Rb6 Rf5 51. Rb8 Rf4 52. Rb5 g4 53. fxg4 Rxg4+ 54. Kh3 Rf4 55. Kg2 f5 56. Rb8 Rg4+ 57. Kh3 Kg5 58. Ra8 Re4 59. Kg2 Rg4+ 60. Kh3 Rd4 61. Kg2 Rd3 62. Rg8+ Kf4 63. Rh8 Kg5 64. Rg8+ Kf6 65. Rf8+ Kg6 66. Rh8 Rd4 67. Rg8+ Kh7 68. Rf8 Rf4 69. Rf6 Kg7 70. Ra6 Rc4 71. Kh3 Rc2 72. Kxh4 Rxf2 73. Kg5 f4 74. Ra7+ Kf8 75. Kg4 Rf1 76. Ra4 Kf7 77. Rxf4+ Rxf4+ 78. Kxf4 1/2-1/2

[Event "Heusenstamm Sparkassen op-A 6th"]
[Site "Heusenstamm"]
[Date "2019.11.24"]
[Round "6"]
[White "Calvi, Stefan"]
[Black "Gallasch, Jonas"]
[Result "1-0"]
[WhiteElo "2049"]
[BlackElo "2160"]
[PlyCount "87"]
[EventDate "2019.11.21"]
[EventType "swiss"]
[EventRounds "7"]
[EventCountry "GER"]
[SourceTitle "CBM 194 Extra"]
[Source "ChessBase"]
[SourceDate "2020.03.31"]
[SourceVersion "1"]
[SourceVersionDate "2020.03.31"]
[SourceQuality "1"]

1. e4 c6 2. Nf3 d5 3. exd5 cxd5 4. Ne5 Nc6 5. d4 e6 6. c3 Bd6 7. Bb5 Nge7 8. Qe2 f6 9. Nxc6 bxc6 10. Bd3 e5 11. f3 Bf5 12. Nd2 Bxd3 13. Qxd3 Ng6 14. Nb3 0-0 15. 0-0 Qc7 16. g3 Rae8 17. Bd2 f5 18. Kg2 Kh8 19. Rae1 e4 20. fxe4 fxe4 21. Rxf8+ Rxf8 22. Qe2 Kg8 23. Rf1 Rxf1 24. Qxf1 Qd7 25. Qe2 h6 26. Be3 Ne7 27. Nc5 Bxc5 28. dxc5 Ng6 29. Bd4 Nf8 30. b4 Ne6 31. h4 Qf7 32. a4 Qf5 33. b5 cxb5 34. axb5 Nxd4 35. cxd4 Qe6 36. c6 Qf7 37. Qc2 Qc7 38. Qc5 Kf7 39. Qxd5+ Ke7 40. Qxe4+ Kd8 41. Qe5 Qa5 42. Qd6+ Ke8 43. c7 Qd2+ 44. Kh3 1-0

[Event "Hessen-chA"]
[Site "Frankfurt"]
[Date "2019.05.31"]
[Round "3"]
[White "Bagatsch, Thomas"]
[Black "Calvi, Stefan"]
[Result "0-1"]
[WhiteElo "2087"]
[BlackElo "1980"]
[PlyCount "88"]
[EventDate "2019.05.30"]
[EventType "swiss"]
[EventRounds "7"]
[EventCountry "GER"]
[SourceTitle "EXT 2020"]
[Source "ChessBase"]
[SourceDate "2019.10.17"]
[SourceVersion "1"]
[SourceVersionDate "2019.10.17"]
[SourceQuality "1"]

1. e4 c5 2. Nf3 Nc6 3. Bb5 g6 4. 0-0 Bg7 5. Re1 e5 6. b4 Nd4 7. Nxd4 cxd4 8. c3 Qb6 9. a4 Ne7 10. Na3 a6 11. a5 Qd8 12. Ba4 0-0 13. cxd4 exd4 14. Nc4 d5 15. Nb6 Rb8 16. d3 dxe4 17. Bf4 Be6 18. Bxb8 Qxb8 19. Rxe4 Qd6 20. Qd2 Nd5 21. Nxd5 Bxd5 22. Re2 Be5 23. Rae1 Bxh2+ 24. Kf1 Bf4 25. Qb2 Qf6 26. Re8 Rxe8 27. Rxe8+ Kg7 28. Bd7 Bd6 29. Bh3 h5 30. Qe2 Bc6 31. Re4 Bxb4 32. Bc8 Qd8 33. Bh3 Qxa5 34. f3 Bxe4 35. Qxe4 Bc3 36. Kg1 Qc7 37. f4 b5 38. f5 b4 39. Qa8 Bd2 40. Qxa6 Be3+ 41. Kh1 Qc1+ 42. Kh2 Qg1+ 43. Kg3 Qf2+ 44. Kh2 Bf4+ 0-1

[Event "Frankfurt-chA"]
[Site "Frankfurt"]
[Date "2019.05.20"]
[Round "4"]
[White "Calvi, Stefan"]
[Black "Balzereit, Georg"]
[Result "1-0"]
[WhiteElo "1953"]
[BlackElo "1687"]
[PlyCount "45"]
[EventDate "2019.04.29"]
[EventType "swiss"]
[EventRounds "7"]
[EventCountry "GER"]
[SourceTitle "EXT 2020"]
[Source "ChessBase"]
[SourceDate "2019.10.17"]
[SourceVersion "1"]
[SourceVersionDate "2019.10.17"]
[SourceQuality "1"]

1. e4 d5 2. exd5 Nf6 3. Bb5+ c6 4. dxc6 Nxc6 5. Nc3 e5 6. Nf3 Bc5 7. 0-0 0-0 8. Bxc6 bxc6 9. Nxe5 Re8 10. d4 Bxd4 11. Nxc6 Qb6 12. Nxd4 Ba6 13. Re1 Rxe1+ 14. Qxe1 Qxd4 15. Be3 Qg4 16. Qd1 Qg6 17. Qf3 Re8 18. Rc1 h6 19. h3 Kh7 20. Bd4 Qg5 21. Rd1 Re7 22. Bxf6 gxf6 23. Ne4 1-0

[Event "Frankfurt-chA"]
[Site "Frankfurt"]
[Date "2019.04.30"]
[Round "1"]
[White "Schneider, Luca"]
[Black "Calvi, Stefan"]
[Result "0-1"]
[WhiteElo "1603"]
[BlackElo "1953"]
[PlyCount "42"]
[EventDate "2019.04.29"]
[EventType "swiss"]
[EventRounds "7"]
[EventCountry "GER"]
[SourceTitle "EXT 2020"]
[Source "ChessBase"]
[SourceDate "2019.10.17"]
[SourceVersion "1"]
[SourceVersionDate "2019.10.17"]
[SourceQuality "1"]

1. d4 Nf6 2. c4 g6 3. Nf3 Bg7 4. Nc3 d6 5. g3 0-0 6. Bg2 c5 7. 0-0 Nc6 8. d5 Na5 9. b3 Ne4 10. Bb2 Nxc3 11. Qd3 Bf5 12. Qe3 Nd1 13. Raxd1 Bxb2 14. Qf4 Qd7 15. Qd2 Nxc4 16. bxc4 Bg7 17. Qf4 a6 18. Qh4 h6 19. Nd2 g5 20. Qh5 Bg4 21. Bh3 Bxh3 0-1

[Event "Hessen Cup Goldener Springer"]
[Site "Griesheim"]
[Date "2019.01.19"]
[Round "4"]
[White "Calvi, Stefan"]
[Black "Yaghy, Ritta"]
[Result "1/2-1/2"]
[WhiteElo "2007"]
[BlackElo "1743"]
[PlyCount "135"]
[EventDate "2019.01.18"]
[EventType "swiss"]
[EventRounds "6"]
[EventCountry "GER"]
[SourceTitle "EXT 2020"]
[Source "ChessBase"]
[SourceDate "2019.10.17"]
[SourceVersion "1"]
[SourceVersionDate "2019.10.17"]
[SourceQuality "1"]

1. e4 c5 2. c3 Nf6 3. e5 Nd5 4. d4 cxd4 5. cxd4 Nc6 6. Nf3 d6 7. Bc4 Nb6 8. Bb3 e6 9. 0-0 d5 10. Bg5 Be7 11. Bxe7 Qxe7 12. Nc3 a6 13. Ne2 Bd7 14. Rc1 0-0 15. Qd2 Rac8 16. a3 f6 17. Rfe1 f5 18. h4 Be8 19. Nf4 h6 20. g3 g5 21. hxg5 hxg5 22. Ng2 Bh5 23. Qxg5+ Qxg5 24. Nxg5 Nxd4 25. Rxc8 Rxc8 26. Nf4 Bf7 27. Bd1 Nc4 28. Nd3 Nd2 29. Kg2 Ne4 30. Nh3 b6 31. Rh1 Kg7 32. f3 Nc5 33. Nhf4 Nxd3 34. Nxd3 Be8 35. Kf2 Bb5 36. Ke3 Bxd3 37. Kxd4 Bb5 38. Bb3 a5 39. Rh2 a4 40. Rc2 Rh8 41. Rc7+ Kg6 42. Bc2 Rh2 43. g4 Bc4 44. gxf5+ exf5 45. Kc3 b5 46. Bd3 d4+ 47. Kxd4 Rd2 48. Rxc4 bxc4 49. Kxc4 Rxb2 50. e6 Kf6 51. e7 Kxe7 52. Bxf5 Rb3 53. Bc2 Rxa3 54. Kb4 Rxf3 55. Bxa4 Kd6 56. Bb3 Ke5 57. Ka3 Kd4 58. Kb2 Rf1 59. Bc2 Rf2 60. Kb1 Kc3 61. Bh7 Rb2+ 62. Ka1 Rh2 63. Bf5 Rh1+ 64. Ka2 Kd2 65. Bg6 Rh6 66. Bf5 Kc1 67. Kb3 Rb6+ 68. Kc3 1/2-1/2

[Event "Heusenstamm Sparkassen op-A 5th"]
[Site "Heusenstamm"]
[Date "2018.11.23"]
[Round "2"]
[White "Donchenko, Anatoly G"]
[Black "Calvi, Stefan"]
[Result "1/2-1/2"]
[WhiteElo "2269"]
[BlackElo "1986"]
[PlyCount "81"]
[EventDate "2018.11.22"]
[EventType "swiss"]
[EventRounds "7"]
[EventCountry "GER"]
[SourceTitle "CBM 188 Extra"]
[Source "ChessBase"]
[SourceDate "2019.02.26"]
[SourceVersion "1"]
[SourceVersionDate "2019.02.26"]
[SourceQuality "1"]

1. Nf3 Nf6 2. d4 g6 3. c4 Bg7 4. Nc3 d6 5. g3 0-0 6. Bg2 c5 7. 0-0 Nc6 8. dxc5 dxc5 9. Be3 Be6 10. Qa4 Qa5 11. Rac1 Qxa4 12. Nxa4 b6 13. Ng5 Bd7 14. Rfd1 Rac8 15. Nc3 Rfd8 16. h3 h6 17. Nf3 Be6 18. b3 Rxd1+ 19. Rxd1 Ng4 20. Bd2 Nf6 21. Bc1 g5 22. Kf1 Bf5 23. Ne1 e6 24. Nb5 Be4 25. Bb2 Bxg2+ 26. Kxg2 a6 27. Nc3 Rd8 28. Nd3 Nd7 29. Na4 Bxb2 30. Ndxb2 Kf8 31. Nc3 Nde5 32. Rxd8+ Nxd8 33. f4 gxf4 34. gxf4 Nd7 35. Kf3 Nc6 36. e3 f5 37. Nba4 Kf7 38. e4 Nd4+ 39. Ke3 Kg6 40. exf5+ Kxf5 41. Nb2 1/2-1/2

[Event "Frankfurt-chA"]
[Site "Frankfurt"]
[Date "2018.05.14"]
[Round "3"]
[White "Calvi, Stefan"]
[Black "Ochmann, Reimund"]
[Result "1-0"]
[WhiteElo "2019"]
[BlackElo "1899"]
[PlyCount "57"]
[EventDate "2018.04.30"]
[EventType "swiss"]
[EventRounds "7"]
[EventCountry "GER"]
[SourceTitle "EXT 2019"]
[Source "ChessBase"]
[SourceDate "2018.10.10"]
[SourceVersion "1"]
[SourceVersionDate "2018.10.10"]
[SourceQuality "1"]

1. e4 e5 2. Nf3 Nc6 3. d4 exd4 4. Nxd4 Nf6 5. Nc3 Bb4 6. Nxc6 bxc6 7. Bd3 0-0 8. 0-0 Re8 9. Qf3 d5 10. exd5 cxd5 11. Bg5 c6 12. h3 Be7 13. Rad1 h6 14. Bf4 Bd6 15. Ne2 Rb8 16. b3 Qc7 17. Bxh6 Ne4 18. Bf4 Bxf4 19. Qxf4 Qb6 20. Ng3 Nc3 21. Rde1 Ba6 22. Bxa6 Qxa6 23. a4 Qa5 24. Re3 Red8 25. Qd4 Na2 26. Nf5 f6 27. Re7 Qc3 28. Rxg7+ Kf8 29. Qh4 1-0

[Event "Hessen-chA"]
[Site "Frankfurt"]
[Date "2018.05.12"]
[Round "6"]
[White "Calvi, Stefan"]
[Black "Sever, Mustafa Batuhan"]
[Result "1/2-1/2"]
[WhiteElo "2050"]
[BlackElo "1960"]
[PlyCount "46"]
[EventDate "2018.05.10"]
[EventType "swiss"]
[EventRounds "7"]
[EventCountry "GER"]
[SourceTitle "EXT 2019"]
[Source "ChessBase"]
[SourceDate "2018.10.10"]
[SourceVersion "1"]
[SourceVersionDate "2018.10.10"]
[SourceQuality "1"]

1. e4 c5 2. c3 d5 3. exd5 Qxd5 4. d4 Nf6 5. Nf3 e6 6. Be2 Be7 7. 0-0 0-0 8. Be3 cxd4 9. cxd4 Nc6 10. Nc3 Qd8 11. a3 b6 12. Ne5 Bb7 13. Bf3 Rc8 14. Qa4 Nd5 15. Nxd5 exd5 16. Rac1 Nxe5 17. dxe5 Rxc1 18. Rxc1 Bg5 19. Bxg5 Qxg5 20. Rd1 Qxe5 21. Qxa7 Re8 22. h3 Qc7 23. Bxd5 Rd8 1/2-1/2

[Event "Hessen-chA"]
[Site "Frankfurt"]
[Date "2018.05.12"]
[Round "5"]
[White "Kuhn, Gerhard"]
[Black "Calvi, Stefan"]
[Result "1/2-1/2"]
[WhiteElo "1982"]
[BlackElo "2050"]
[PlyCount "61"]
[EventDate "2018.05.10"]
[EventType "swiss"]
[EventRounds "7"]
[EventCountry "GER"]
[SourceTitle "EXT 2019"]
[Source "ChessBase"]
[SourceDate "2018.10.10"]
[SourceVersion "1"]
[SourceVersionDate "2018.10.10"]
[SourceQuality "1"]

1. e4 c5 2. c3 d5 3. exd5 Qxd5 4. d4 Nc6 5. Nf3 Bf5 6. Be3 cxd4 7. Nxd4 0-0-0 8. Qa4 Nxd4 9. cxd4 Bxb1 10. Rxb1 Kb8 11. Qc4 e6 12. Rc1 Qxc4 13. Rxc4 Nf6 14. Be2 Nd5 15. 0-0 Be7 16. Bf3 a6 17. Rfc1 Rd7 18. Kf1 g6 19. g3 Rhd8 20. Ke2 h5 21. a3 Bf6 22. Bxd5 Rxd5 23. Rc7 Bxd4 24. Rxf7 Bxe3 25. Kxe3 Rd2 26. b4 R8d3+ 27. Ke4 Rxa3 28. Rcc7 Re2+ 29. Kd4 Rd2+ 30. Ke4 Re2+ 31. Kd4 1/2-1/2

[Event "Hessen-chA"]
[Site "Frankfurt"]
[Date "2018.05.11"]
[Round "4"]
[White "Calvi, Stefan"]
[Black "Ullmann, Ralf"]
[Result "1-0"]
[WhiteElo "2050"]
[BlackElo "1910"]
[PlyCount "47"]
[EventDate "2018.05.10"]
[EventType "swiss"]
[EventRounds "7"]
[EventCountry "GER"]
[SourceTitle "EXT 2019"]
[Source "ChessBase"]
[SourceDate "2018.10.10"]
[SourceVersion "1"]
[SourceVersionDate "2018.10.10"]
[SourceQuality "1"]

1. e4 c5 2. Nc3 e6 3. d4 cxd4 4. Qxd4 Nc6 5. Qd2 Nf6 6. b3 Bb4 7. Bd3 0-0 8. a3 Ba5 9. b4 Bb6 10. Nf3 d5 11. 0-0 Nd4 12. Nxd4 Bxd4 13. exd5 e5 14. Rb1 Nxd5 15. Nxd5 Qxd5 16. c3 e4 17. Bc2 Bxf2+ 18. Rxf2 Qxd2 19. Bxd2 f5 20. Bb3+ Kh8 21. g4 Bd7 22. gxf5 Rxf5 23. Rbf1 Rxf2 24. Rxf2 1-0

[Event "Hessen-chA"]
[Site "Frankfurt"]
[Date "2018.05.11"]
[Round "3"]
[White "Froehlich Dill, Astrid"]
[Black "Calvi, Stefan"]
[Result "0-1"]
[WhiteElo "1866"]
[BlackElo "2050"]
[PlyCount "86"]
[EventDate "2018.05.10"]
[EventType "swiss"]
[EventRounds "7"]
[EventCountry "GER"]
[SourceTitle "EXT 2019"]
[Source "ChessBase"]
[SourceDate "2018.10.10"]
[SourceVersion "1"]
[SourceVersionDate "2018.10.10"]
[SourceQuality "1"]

1. d4 Nf6 2. c4 g6 3. Nc3 Bg7 4. e4 d6 5. Nf3 0-0 6. Be2 c5 7. d5 e6 8. 0-0 exd5 9. cxd5 Re8 10. Qc2 a6 11. a4 Bg4 12. Be3 Nbd7 13. h3 Bxf3 14. Bxf3 Rb8 15. Be2 Qe7 16. f3 Nh5 17. Qd2 Ng3 18. Rfe1 Nxe2+ 19. Rxe2 b5 20. axb5 axb5 21. Ra5 b4 22. Na4 Ra8 23. Rxa8 Rxa8 24. b3 Ne5 25. Qc2 Qb7 26. f4 Rxa4 27. bxa4 b3 28. Qb1 Nc4 29. Bf2 Na3 30. Qd3 c4 31. Qe3 Nc2 32. Qc1 b2 33. Qb1 Na3 34. Rxb2 Bxb2 35. Qa2 Qb3 36. Qxb3 cxb3 37. e5 dxe5 38. d6 Kf8 39. fxe5 Ke8 40. Bc5 Nc4 41. a5 Nxa5 42. Kf1 Bxe5 43. Ke2 b2 0-1

[Event "Frankfurt-chA"]
[Site "Frankfurt"]
[Date "2018.05.07"]
[Round "2"]
[White "Graebner, Walter"]
[Black "Calvi, Stefan"]
[Result "0-1"]
[WhiteElo "1874"]
[BlackElo "2019"]
[PlyCount "72"]
[EventDate "2018.04.30"]
[EventType "swiss"]
[EventRounds "7"]
[EventCountry "GER"]
[SourceTitle "EXT 2019"]
[Source "ChessBase"]
[SourceDate "2018.10.10"]
[SourceVersion "1"]
[SourceVersionDate "2018.10.10"]
[SourceQuality "1"]

1. d4 Nf6 2. Nf3 g6 3. g3 Bg7 4. Bg2 0-0 5. 0-0 d6 6. d5 c5 7. c4 b5 8. cxb5 a6 9. b6 Nbd7 10. Nc3 Nxb6 11. e4 Bd7 12. e5 Ng4 13. exd6 exd6 14. Bf4 Nc4 15. Qe2 Nge5 16. Bxe5 Nxe5 17. Rfe1 Re8 18. Nxe5 Bxe5 19. Qd2 Rb8 20. Re2 Qb6 21. Rae1 Bg4 22. f3 Bd7 23. Kh1 Qb4 24. f4 Bg7 25. a3 Rxe2 26. Rxe2 Bxc3 27. bxc3 Qxa3 28. Be4 Bh3 29. f5 Qa1+ 30. Re1 Rb2 31. Qe3 Qa2 32. fxg6 hxg6 33. Bf3 Rxh2+ 34. Kg1 Rg2+ 35. Kh1 Qf2 36. Qxf2 Rxf2 0-1

[Event "Heusenstamm Sparkassen op-A 4th"]
[Site "Heusenstamm"]
[Date "2017.11.24"]
[Round "3"]
[White "Legde, Georg"]
[Black "Calvi, Stefan"]
[Result "1-0"]
[WhiteElo "2306"]
[BlackElo "2092"]
[PlyCount "105"]
[EventDate "2017.11.23"]
[EventType "swiss"]
[EventRounds "7"]
[EventCountry "GER"]
[SourceTitle "EXT 2019"]
[Source "ChessBase"]
[SourceDate "2018.10.10"]
[SourceVersion "1"]
[SourceVersionDate "2018.10.10"]
[SourceQuality "1"]

1. Nf3 Nf6 2. c4 g6 3. Nc3 Bg7 4. g3 0-0 5. Bg2 d6 6. 0-0 Nc6 7. d4 e5 8. d5 Ne7 9. e4 Nh5 10. Bd2 a5 11. Rc1 f5 12. exf5 Bxf5 13. Ng5 Nf6 14. Re1 h6 15. Ne6 Bxe6 16. dxe6 c6 17. c5 Nf5 18. Qb3 Qe7 19. cxd6 Qxd6 20. Be3 Nxe3 21. Rxe3 Rae8 22. Bh3 Re7 23. Rd1 Qc7 24. Qc2 Kh7 25. Qd3 h5 26. Ne4 Nxe4 27. Qxe4 Rd8 28. Rxd8 Qxd8 29. Rd3 Qb6 30. b3 Qb4 31. Qe2 Bf6 32. Qd1 c5 33. Rd8 c4 34. bxc4 Qxc4 35. Qd6 e4 36. Rd7 Qb4 37. Qf4 Bg7 38. Rxe7 Qxe7 39. Qxe4 Bf6 40. Bf1 Qb4 41. Qd5 b6 42. Bd3 Kg7 43. Qd7+ Qe7 44. Qc6 Bd4 45. Kg2 Bc5 46. f4 Qf6 47. Kf3 Qd4 48. Qd7+ Qxd7 49. exd7 Be7 50. Ke4 g5 51. Kd5 Kf6 52. Kc6 Ke6 53. Kc7 1-0

[Event "Frankfurt-chA"]
[Site "Frankfurt"]
[Date "2017.05.29"]
[Round "6"]
[White "Calvi, Stefan"]
[Black "Chandler, Patrick"]
[Result "1-0"]
[WhiteElo "2016"]
[BlackElo "2121"]
[PlyCount "61"]
[EventDate "2017.04.24"]
[EventType "swiss"]
[EventRounds "7"]
[EventCountry "GER"]
[SourceTitle "EXT 2018"]
[Source "ChessBase"]
[SourceDate "2017.10.13"]
[SourceVersion "1"]
[SourceVersionDate "2017.10.13"]
[SourceQuality "1"]

1. e4 c5 2. c3 Nf6 3. e5 Nd5 4. d4 d6 5. Nf3 Nc6 6. exd6 exd6 7. Bc4 Nb6 8. Bb3 Be7 9. 0-0 Bg4 10. h3 Bh5 11. Be3 0-0 12. Re1 cxd4 13. cxd4 Bf6 14. g4 Bg6 15. Nc3 d5 16. Bf4 Na5 17. Ne5 Nac4 18. Qf3 Bxe5 19. dxe5 Rc8 20. Rad1 Nxb2 21. Rd4 Rc5 22. Nxd5 Nxd5 23. Bxd5 Qb6 24. Be3 Qc7 25. e6 Rc2 26. exf7+ Bxf7 27. Rf4 Nd3 28. Rxf7 Rxf7 29. Qe4 Kf8 30. Bc5+ Rxc5 31. Qe8# 1-0

[Event "Heusenstamm Sparkassen op-A 3rd"]
[Site "Heusenstamm"]
[Date "2016.11.27"]
[Round "4"]
[White "Budzyn, Matthias"]
[Black "Calvi, Stefan"]
[Result "1/2-1/2"]
[WhiteElo "2166"]
[BlackElo "2021"]
[PlyCount "152"]
[EventDate "2016.11.24"]
[EventType "swiss"]
[EventRounds "7"]
[EventCountry "GER"]
[SourceTitle "EXT 2018"]
[Source "ChessBase"]
[SourceDate "2017.10.13"]
[SourceVersion "1"]
[SourceVersionDate "2017.10.13"]
[SourceQuality "1"]

1. e4 c5 2. c3 d5 3. exd5 Qxd5 4. d4 Bf5 5. dxc5 Qxd1+ 6. Kxd1 e5 7. b4 a5 8. Bb5+ Nc6 9. Nd2 Nge7 10. Nc4 Nd5 11. Bxc6+ bxc6 12. Bd2 axb4 13. cxb4 0-0-0 14. Kc1 f6 15. Nf3 Bd3 16. Nb2 Ba6 17. Re1 Be7 18. Kc2 g5 19. a3 Rhf8 20. g3 Rd7 21. Rad1 Bd8 22. Kb3 Bc7 23. Bc1 g4 24. Nd2 f5 25. Ndc4 e4 26. Ne3 Nxe3 27. Rxd7 Kxd7 28. Bxe3 Ke6 29. Rd1 h5 30. Nc4 h4 31. Bf4 Rd8 32. Rxd8 Bxd8 33. a4 Be7 34. Ne5 hxg3 35. hxg3 Kd5 36. Nd7 Kd4 37. Be3+ Kd5 38. Kc3 Bd8 39. Bf4 Be2 40. a5 Bc4 41. Nb8 Bf6+ 42. Kd2 Bd4 43. a6 Bxa6 44. Nxa6 Bxf2 45. Nb8 Bd4 46. Nd7 Kc4 47. Ne5+ Kd5 48. Ng6 Kc4 49. Ne7 Bc3+ 50. Kc2 Bxb4 51. Nxf5 Bxc5 52. Be3 Bb4 53. Bf2 Kd5 54. Ne3+ Ke5 55. Nxg4+ Kf5 56. Ne3+ Ke5 57. Kb3 Be7 58. Kc4 Bf8 59. Nc2 Kf5 60. Bb6 Kg4 61. Bc7 Bg7 62. Bf4 Kf3 63. Ne3 Bb2 64. Nf5 Bf6 65. Kb3 Kg4 66. Ne3+ Kf3 67. Nc4 Ke2 68. g4 Bd4 69. g5 Kf3 70. Be3 Bg7 71. Kc2 Bf8 72. Bd4 c5 73. Be3 Kg4 74. Ne5+ Kf5 75. Nc4 Be7 76. Kd1 Bxg5 1/2-1/2

[Event "Heusenstamm Sparkassen op-A 3rd"]
[Site "Heusenstamm"]
[Date "2016.11.27"]
[Round "7"]
[White "Calvi, Stefan"]
[Black "Zieher, Hartmut"]
[Result "1/2-1/2"]
[WhiteElo "2021"]
[BlackElo "2285"]
[PlyCount "120"]
[EventDate "2016.11.24"]
[EventType "swiss"]
[EventRounds "7"]
[EventCountry "GER"]
[SourceTitle "EXT 2018"]
[Source "ChessBase"]
[SourceDate "2017.10.13"]
[SourceVersion "1"]
[SourceVersionDate "2017.10.13"]
[SourceQuality "1"]

1. e4 e5 2. Nf3 Nc6 3. d4 exd4 4. Nxd4 Nf6 5. Nc3 Bb4 6. Nxc6 bxc6 7. Bd3 d5 8. exd5 cxd5 9. 0-0 0-0 10. h3 c6 11. Qf3 Bd6 12. Bf4 Rb8 13. b3 Rb4 14. Bxd6 Qxd6 15. Ne2 c5 16. c3 Rb6 17. Rad1 Bb7 18. Qg3 Qc6 19. Nf4 Rd8 20. Rfe1 a5 21. Re5 g6 22. h4 Qd6 23. Re2 Re8 24. Rxe8+ Nxe8 25. h5 Ng7 26. hxg6 hxg6 27. Bc4 d4 28. cxd4 Nf5 29. Qg5 cxd4 30. Re1 Qf6 31. Re8+ Kh7 32. Qxf6 Rxf6 33. Nd3 Nd6 34. Re7 Kg7 35. Kf1 Kf8 36. Rc7 Be4 37. Nc5 Bf5 38. Nd7+ Bxd7 39. Rxd7 a4 40. f3 axb3 41. axb3 Ke8 42. Rc7 Kd8 43. Ra7 g5 44. Ke2 g4 45. fxg4 Rf4 46. Kd3 Rxg4 47. Bd5 f6 48. Bc6 Nf5 49. b4 Rg3+ 50. Ke4 Ne3 51. Kf4 Rg4+ 52. Kf3 Rxg2 53. Rd7+ Kc8 54. Rxd4 Kc7 55. b5 Rg3+ 56. Kf2 Rh3 57. Rf4 f5 58. Bf3 Ng4+ 59. Ke2 Ne5 60. Rxf5 Nxf3 1/2-1/2

[Event "Heusenstamm Sparkassen op-A 3rd"]
[Site "Heusenstamm"]
[Date "2016.11.27"]
[Round "6"]
[White "Chandler, Patrick"]
[Black "Calvi, Stefan"]
[Result "0-1"]
[WhiteElo "2107"]
[BlackElo "2021"]
[PlyCount "34"]
[EventDate "2016.11.24"]
[EventType "swiss"]
[EventRounds "7"]
[EventCountry "GER"]
[SourceTitle "EXT 2018"]
[Source "ChessBase"]
[SourceDate "2017.10.13"]
[SourceVersion "1"]
[SourceVersionDate "2017.10.13"]
[SourceQuality "1"]

1. e4 c5 2. Nf3 Nc6 3. d4 cxd4 4. Nxd4 Nf6 5. Nc3 e5 6. Ndb5 d6 7. a4 a6 8. Na3 d5 9. exd5 Nd4 10. Bc4 Qc7 11. Bb3 Bb4 12. 0-0 Bg4 13. f3 Bf5 14. Nc4 Bxc2 15. Bxc2 Nxc2 16. Qxc2 Qxc4 17. Qf5 Bc5+ 0-1